[Event "33268_PDL_2015_Pupillettes"]
[Site "Fontenay-Le-Comte ; Vendée"]
[Date "2015.02.07"]
[Round "6.2"]
[White "Pellat, Camille"]
[Black "Drouet, Samantha"]
[Result "1-0"]
[WhiteElo "1129"]
[BlackElo "1099"]
[PlyCount "65"]
[EventDate "2015.??.??"]

1. e4 e5 2. Nf3 d6 3. c3 Bg4 4. d4 exd4 5. cxd4 Qe7 6. Nc3 Nf6 7. Bd3 d5 8. Bg5
Qe6 9. Qe2 Bb4 10. O-O h6 11. Bxf6 Qxf6 12. Nxd5 Qd6 13. Rac1 O-O 14. Nxc7 Ba5
15. Nxa8 Qg6 16. Rfd1 Bh3 17. g3 Nc6 18. d5 Nb4 19. Bc4 Rxa8 20. a3 Nc6 21.
dxc6 bxc6 22. Bd3 Rb8 23. Ne5 Qf6 24. Nc4 Bb6 25. Nxb6 Rxb6 26. b4 a5 27. bxa5
Rb2 28. Qe3 Ra2 29. Bb1 Ra1 30. e5 Rxa3 31. exf6 Rxe3 32. Rd8+ Re8 33. Rxe8#
1-0

[Event "33268_PDL_2015_Pupillettes"]
[Site "Fontenay-Le-Comte ; Vendée"]
[Date "2015.02.07"]
[Round "6.3"]
[White "Huger, Leane"]
[Black "Hamon, Elisa"]
[Result "0-1"]
[WhiteElo "1130"]
[BlackElo "1136"]
[PlyCount "58"]
[EventDate "2015.??.??"]

1. e4 e5 2. Nf3 Nc6 3. Nc3 Nf6 4. Bc4 Nxe4 5. O-O Nxc3 6. dxc3 Be7 7. Qd3 O-O
8. Qf5 d5 9. Bg5 Bxf5 10. Bd3 e4 11. Bxe7 Qxe7 12. Be2 exf3 13. Bxf3 Bxc2 14.
Bxd5 Rfe8 15. h3 Rad8 16. Bb3 Bxb3 17. axb3 Qe2 18. Rab1 Re6 19. b4 Rde8 20. b5
Qxb5 21. b4 Ne5 22. f4 Nc4 23. Rbd1 Ne3 24. Rde1 Nxf1 25. Rxe6 Rxe6 26. Kf2
Qe2+ 27. Kg1 Rd6 28. b5 Rd2 29. b6 Qxg2# 0-1

[Event "33268_PDL_2015_Pupillettes"]
[Site "Fontenay-Le-Comte ; Vendée"]
[Date "2015.02.07"]
[Round "6.4"]
[White "Salvador Ruiz, Camille"]
[Black "Boissiere, Oceane"]
[Result "1-0"]
[WhiteElo "1180"]
[BlackElo "1099"]
[PlyCount "71"]
[EventDate "2015.??.??"]

1. e4 e5 2. Nf3 Nc6 3. Bb5 a6 4. Bxc6 bxc6 5. d3 Nf6 6. O-O Bc5 7. Nxe5 d6 8.
Nxc6 Qd7 9. Na5 g6 10. Nc4 Nh5 11. d4 Bb4 12. c3 Ba5 13. Nxa5 Qe7 14. Nc6 Qg5
15. Bxg5 O-O 16. Ne7+ Kh8 17. Nxc8 Raxc8 18. Be7 Rg8 19. Bg5 Rg7 20. Bh6 Rgg8
21. Bg5 Rce8 22. Qf3 c6 23. Bf6+ Nxf6 24. Qxf6+ Rg7 25. Re1 Re6 26. Qd8+ Rg8
27. Qg5 f6 28. Qh6 Rg7 29. d5 cxd5 30. Nd2 dxe4 31. Nxe4 Kg8 32. Re2 a5 33.
Rae1 Kf8 34. Nxd6 Rxd6 35. Re8+ Kf7 36. R1e7# 1-0

[Event "33268_PDL_2015_Pupillettes"]
[Site "Fontenay-Le-Comte ; Vendée"]
[Date "2015.02.07"]
[Round "6.5"]
[White "Veillaud, Manon"]
[Black "Chevallier, Lola"]
[Result "0-1"]
[WhiteElo "1099"]
[BlackElo "1099"]
[PlyCount "35"]
[EventDate "2015.??.??"]

1. e4 e5 2. Nc3 Nf6 3. Bc4 Nc6 4. Nf3 d6 5. O-O Be7 6. Qe1 b6 7. Nd5 O-O 8. b4
Bb7 9. Nxf6+ Bxf6 10. d4 exd4 11. e5 dxe5 12. Bd3 a5 13. Qe4 g6 14. Nh4 Nxb4
15. Be2 Bxe4 16. Bc4 Bxh4 17. Ba3 c5 18. f3 0-1

[Event "33268_PDL_2015_Pupillettes"]
[Site "Fontenay-Le-Comte ; Vendée"]
[Date "2015.02.07"]
[Round "6.6"]
[White "Moreau, Chloe"]
[Black "Lemeunier, Melina"]
[Result "1/2-1/2"]
[WhiteElo "1099"]
[BlackElo "1099"]
[PlyCount "21"]
[EventDate "2015.??.??"]

1. e4 e5 2. Nc3 Nc6 3. Nf3 Nf6 4. Be2 Bb4 5. O-O O-O 6. g4 d6 7. Qe1 Bxc3 8.
bxc3 Nxe4 9. d3 Nf6 10. d4 exd4 11. cxd4 {et nulle} 1/2-1/2